[Event "Prague Golden op 18th"]
[Site "Prague"]
[Date "2023.06.25"]
[Round "9.1"]
[White "Velychko, Maksym"]
[Black "Slanec, Jan"]
[Result "0-1"]
[WhiteElo "1768"]
[BlackElo "1971"]
[PlyCount "54"]
[EventDate "2023.06.25"]
[EventType "team-swiss"]
[EventRounds "9"]
[EventCountry "CZE"]
[SourceTitle "CBM 214 Extra"]
[Source "ChessBase"]
[SourceDate "2023.07.31"]
[SourceVersion "1"]
[SourceVersionDate "2023.07.31"]
[SourceQuality "1"]
[WhiteTeam "Pisek"]
[BlackTeam "Hostivice"]
[WhiteTeamCountry "CZE"]
[BlackTeamCountry "CZE"]

1. e4 g6 2. d4 Bg7 3. Nf3 d6 4. Nc3 Nd7 5. Bd3 e5 6. dxe5 Nxe5 7. Nxe5 Bxe5 8. 0-0 Bg7 9. f4 Bd7 10. f5 Bd4+ 11. Kh1 Bxc3 12. bxc3 Qe7 13. fxg6 hxg6 14. Qf3 Nh6 15. e5 dxe5 16. Qxb7 Rc8 17. Bb5 c6 18. Bc4 Nf5 19. Re1 Rxh2+ 20. Kg1 Rh1+ 21. Kxh1 Qh4+ 22. Kg1 Qxe1+ 23. Bf1 Qxc3 24. Qb2 Qc5+ 25. Kh2 Ke7 26. Bg5+ f6 27. g4 Qf2+ 0-1

[Event "Prague Golden op 18th"]
[Site "Prague"]
[Date "2023.06.25"]
[Round "6.1"]
[White "Wichs, Jakub"]
[Black "Velychko, Maksym"]
[Result "1-0"]
[WhiteElo "2074"]
[BlackElo "1768"]
[PlyCount "59"]
[EventDate "2023.06.25"]
[EventType "team-swiss"]
[EventRounds "9"]
[EventCountry "CZE"]
[SourceTitle "CBM 214 Extra"]
[Source "ChessBase"]
[SourceDate "2023.07.31"]
[SourceVersion "1"]
[SourceVersionDate "2023.07.31"]
[SourceQuality "1"]
[WhiteTeam "Nephunc"]
[BlackTeam "Pisek"]
[WhiteTeamCountry "CZE"]
[BlackTeamCountry "CZE"]

1. e4 e6 2. Qe2 d5 3. d3 c5 4. Nf3 Nc6 5. g3 Nf6 6. Bg2 Be7 7. 0-0 0-0 8. e5 Nd7 9. c4 d4 10. h4 Rb8 11. Bf4 b5 12. Nbd2 a6 13. a4 b4 14. Ne4 a5 15. b3 Rb6 16. Bh3 Qc7 17. Nf6+ gxf6 18. exf6 Bd6 19. Bh6 Nce5 20. Nxe5 Nxe5 21. f4 Ng6 22. h5 Re8 23. hxg6 hxg6 24. f5 Bf8 25. Bf4 Qc6 26. fxg6 Bb7 27. gxf7+ Kxf7 28. Qh5+ Kxf6 29. Bg5+ Ke5 30. Be7# 1-0

[Event "Prague Golden op 18th"]
[Site "Prague"]
[Date "2023.06.25"]
[Round "4.1"]
[White "Zigmund, David"]
[Black "Velychko, Maksym"]
[Result "0-1"]
[WhiteElo "1924"]
[BlackElo "1768"]
[PlyCount "170"]
[EventDate "2023.06.25"]
[EventType "team-swiss"]
[EventRounds "9"]
[EventCountry "CZE"]
[SourceTitle "CBM 214 Extra"]
[Source "ChessBase"]
[SourceDate "2023.07.31"]
[SourceVersion "1"]
[SourceVersionDate "2023.07.31"]
[SourceQuality "1"]
[WhiteTeam "Nymbursti Kolici"]
[BlackTeam "Pisek"]
[WhiteTeamCountry "CZE"]
[BlackTeamCountry "CZE"]

1. e4 e6 2. Nf3 d5 3. exd5 exd5 4. d4 Nc6 5. Be2 Bf5 6. 0-0 Bd6 7. c3 Qd7 8. b4 a6 9. Nbd2 Nge7 10. Nb3 0-0 11. Bg5 Ng6 12. Ne1 h6 13. Be3 b6 14. Nd3 Rfe8 15. Bf3 Nh4 16. Ne1 Nxf3+ 17. Nxf3 Bg4 18. Bc1 Qf5 19. Nbd2 Qh5 20. Qc2 Re2 21. g3 Bxf3 22. Qd3 Be4 23. Nxe4 dxe4 24. Qc4 Ne7 25. Be3 Nf5 26. Rfe1 Rxe1+ 27. Rxe1 Nxe3 28. Rxe3 Re8 29. Qxa6 Qd1+ 30. Kg2 Be7 31. Qb7 Bg5 32. Rxe4 Rxe4 33. Qxe4 Qd2 34. c4 Qxb4 35. Qe8+ Qf8 36. Qd7 Qd8 37. Qg4 Qa8+ 38. Kh3 Qc6 39. d5 Qd6 40. Qe4 Qd7+ 41. Kg2 Qe7 42. Qd3 Qc5 43. a4 Qd6 44. Qe4 Bf6 45. Qe8+ Qf8 46. Qe4 Qe7 47. Qd3 Qc5 48. h4 Bd4 49. Qf5 c6 50. Qc8+ Kh7 51. Qf5+ g6 52. Qxf7+ Bg7 53. dxc6 Qxc6+ 54. Kh2 Qxa4 55. Qd5 Qa5 56. Qd3 Qc5 57. Kg2 Qc6+ 58. Kh2 Qf6 59. Kg2 Qd4 60. Qc2 Qc5 61. Kh2 b5 62. g4 Qxc4 63. Qb1 Qf4+ 64. Kh3 Qf3+ 65. Kh2 Qxf2+ 66. Kh3 Qf3+ 67. Kh2 Be5+ 68. Kg1 Bd4+ 69. Kh2 Qf2+ 70. Kh3 Qe3+ 71. Kg2 Qd2+ 72. Kf3 Qc3+ 73. Ke4 Qe3+ 74. Kd5 Qe5+ 75. Kc6 Qc5+ 76. Kd7 Qd5+ 77. Kc7 Be5+ 78. Kb6 Qd6+ 79. Ka7 Bd4+ 80. Ka8 Qc6+ 81. Kb8 Be5+ 82. Ka7 Bc7 83. Qg1 Qb6+ 84. Qxb6 Bxb6+ 85. Kxb6 b4 0-1